[Event "IND-ch Challengers (Women) 43rd"]
[Site "Chennai"]
[Date "2016.06.24"]
[Round "10"]
[White "Pon, Namasivayam Krithik"]
[Black "Ankitha, Goud Palle"]
[Result "1-0"]
[WhiteElo "2058"]
[BlackElo "1741"]
[PlyCount "101"]
[EventDate "2016.06.17"]
[EventType "swiss"]
[EventRounds "11"]
[EventCountry "IND"]
[SourceTitle "CBM 173 Extra"]
[Source "ChessBase"]
[SourceDate "2016.08.29"]
[SourceVersion "1"]
[SourceVersionDate "2016.08.29"]
[SourceQuality "1"]

1. e4 d6 2. d4 Nf6 3. Nc3 Nbd7 4. Be3 e5 5. f3 Be7 6. Qd2 c6 7. a4 a6 8. Nge2 0-0 9. Ng3 d5 10. exd5 cxd5 11. Bd3 Bb4 12. 0-0 Re8 13. Qf2 Qc7 14. Nce2 exd4 15. Nxd4 Ne5 16. Ngf5 Nxd3 17. cxd3 Bc5 18. Rac1 Qb6 19. Rxc5 Qxc5 20. Ne6 Qc6 21. Nexg7 Bxf5 22. Nxf5 Nh5 23. Qh4 Ng7 24. Nh6+ Kh8 25. Nxf7+ Kg8 26. Nh6+ Kh8 27. Bd4 Qg6 28. Qh3 Rf8 29. Rc1 Qe8 30. Nf5 Rxf5 31. Qxf5 Kg8 32. Qg5 Qg6 33. Qxg6 hxg6 34. Bxg7 Kxg7 35. Rc7+ Kh6 36. Rxb7 Rc8 37. Kf2 d4 38. g4 Rc2+ 39. Kg3 Rd2 40. Rb3 Kg5 41. h4+ Kh6 42. Kf4 Re2 43. Rb4 a5 44. Rxd4 Rxb2 45. Rd7 Rb4+ 46. Ke3 g5 47. hxg5+ Kg6 48. Rd6+ Kxg5 49. Rd5+ Kf6 50. Rxa5 Ke6 51. f4 1-0

[Event "IND-ch Challengers (Women) 43rd"]
[Site "Chennai"]
[Date "2016.06.21"]
[Round "7"]
[White "Divya, Lakshmi R"]
[Black "Pon, Namasivayam Krithik"]
[Result "1-0"]
[WhiteElo "1914"]
[BlackElo "2058"]
[PlyCount "61"]
[EventDate "2016.06.17"]
[EventType "swiss"]
[EventRounds "11"]
[EventCountry "IND"]
[SourceTitle "CBM 173 Extra"]
[Source "ChessBase"]
[SourceDate "2016.08.29"]
[SourceVersion "1"]
[SourceVersionDate "2016.08.29"]
[SourceQuality "1"]

1. e4 Nf6 2. e5 Nd5 3. d4 d6 4. Bc4 Nb6 5. Bb3 dxe5 6. Qh5 e6 7. dxe5 Nc6 8. Nf3 Nd4 9. 0-0 g6 10. Qg4 Nxb3 11. axb3 f5 12. exf6 Qxf6 13. Re1 Bg7 14. Bg5 Qf5 15. Qb4 c5 16. Qd2 0-0 17. Nc3 Bd7 18. Bh6 Bc6 19. Bxg7 Bxf3 20. Be5 Bc6 21. f3 Nd7 22. Bd6 Rf7 23. Qe2 a6 24. Rad1 Re8 25. Rd2 b5 26. Bg3 Rfe7 27. Rd6 Nb8 28. Qf2 b4 29. Ne4 Bxe4 30. Rxe4 Rd7 31. Qe2 1-0

[Event "IND-ch Challengers (Women) 43rd"]
[Site "Chennai"]
[Date "2016.06.19"]
[Round "4"]
[White "Pon, Namasivayam Krithik"]
[Black "Prabhugaonkar, Aditee Aman"]
[Result "1-0"]
[WhiteElo "2058"]
[BlackElo "1781"]
[PlyCount "39"]
[EventDate "2016.06.17"]
[EventType "swiss"]
[EventRounds "11"]
[EventCountry "IND"]
[SourceTitle "CBM 173 Extra"]
[Source "ChessBase"]
[SourceDate "2016.08.29"]
[SourceVersion "1"]
[SourceVersionDate "2016.08.29"]
[SourceQuality "1"]

1. e4 e5 2. d4 Nf6 3. Nc3 Bb4 4. dxe5 Bxc3+ 5. bxc3 Nxe4 6. Qg4 d5 7. Qxg7 Rf8 8. Bh6 Nd7 9. Bd3 Qe7 10. Ne2 Kd8 11. 0-0 Qe8 12. Bxe4 dxe4 13. Rad1 c6 14. Rxd7+ Qxd7 15. Qxf8+ Kc7 16. Bf4 Qe6 17. Nd4 Qg4 18. Qd6+ Kb6 19. Rb1+ Ka6 20. Qa3# 1-0

[Event "Wch U20 Girls 30th"]
[Site "Athens"]
[Date "2012.08.13"]
[Round "11"]
[White "Cemhan, Kardelen"]
[Black "Pon, Namasivayam Krithik"]
[Result "1-0"]
[WhiteElo "1938"]
[BlackElo "2119"]
[PlyCount "73"]
[EventDate "2012.08.02"]
[EventType "swiss"]
[EventRounds "13"]
[EventCountry "GRE"]
[SourceTitle "CBM 149 Extra"]
[Source "ChessBase"]
[SourceDate "2012.08.24"]
[SourceVersion "1"]
[SourceVersionDate "2012.08.24"]
[SourceQuality "1"]

1. e4 Nf6 2. e5 Nd5 3. d4 d6 4. c4 Nb6 5. f4 dxe5 6. fxe5 Nc6 7. Be3 Bf5 8. Nc3 e6 9. Nf3 Be7 10. d5 exd5 11. cxd5 Nb4 12. Nd4 Bd7 13. e6 fxe6 14. dxe6 Bc6 15. Qg4 Bh4+ 16. g3 Bxh1 17. 0-0-0 Qf6 18. gxh4 0-0 19. Bh3 Nc4 20. Bg5 Qf2 21. Qe2 Rf3 22. Nxf3 Qxe2 23. Nxe2 Bxf3 24. e7 Nd6 25. Be6+ Kh8 26. Rf1 Nd3+ 27. Kd2 Ne5 28. Nd4 Ne4+ 29. Ke3 Nxg5 30. hxg5 Re8 31. Nxf3 Ng6 32. Kd2 Rxe7 33. Bb3 h6 34. Bc2 Nf4 35. Re1 Rd7+ 36. Kc1 Kg8 37. g6 1-0

[Event "Wch U20 Girls 30th"]
[Site "Athens"]
[Date "2012.08.12"]
[Round "10"]
[White "Pon, Namasivayam Krithik"]
[Black "Frey, Alisa"]
[Result "1/2-1/2"]
[WhiteElo "2119"]
[BlackElo "2035"]
[PlyCount "143"]
[EventDate "2012.08.02"]
[EventType "swiss"]
[EventRounds "13"]
[EventCountry "GRE"]
[SourceTitle "CBM 149 Extra"]
[Source "ChessBase"]
[SourceDate "2012.08.24"]
[SourceVersion "1"]
[SourceVersionDate "2012.08.24"]
[SourceQuality "1"]

1. e4 e5 2. Nf3 Nc6 3. Bb5 a6 4. Ba4 Nf6 5. Qe2 b5 6. Bb3 Be7 7. c3 0-0 8. d3 Bb7 9. Nbd2 d5 10. Nf1 Re8 11. Ng3 Bf8 12. Bg5 Na5 13. Bxd5 Bxd5 14. exd5 h6 15. Bxf6 Qxf6 16. 0-0 Rad8 17. Qe4 Nb7 18. b4 Qd6 19. c4 Qxb4 20. Rab1 Qa3 21. Qe2 b4 22. Rfd1 Nc5 23. Ne4 Qa5 24. Nh4 Qb6 25. Qg4 a5 26. Nf5 Kh7 27. Nxc5 Qxc5 28. Ne3 Qb6 29. d4 exd4 30. Rxd4 Bc5 31. Re4 Qg6 32. Qxg6+ Kxg6 33. Rg4+ Kh7 34. Rg3 Re4 35. Rc1 Rde8 36. Kf1 a4 37. Rf3 Bxe3 38. Rxe3 Rxe3 39. fxe3 Rxe3 40. c5 b3 41. axb3 axb3 42. d6 cxd6 43. cxd6 Rd3 44. Rb1 Rxd6 45. Rxb3 Rd2 46. Rb6 g5 47. h3 Kg7 48. Kg1 h5 49. Kh2 h4 50. Ra6 f6 51. Rb6 Kg6 52. Rb5 Re2 53. Ra5 Re5 54. Ra1 Kf5 55. Rf1+ Ke6 56. Ra1 f5 57. Ra6+ Kd5 58. Ra5+ Ke4 59. Ra4+ Ke3 60. Ra3+ Kf4 61. Ra4+ Re4 62. Ra8 Rd4 63. Re8 Rd2 64. Re7 g4 65. hxg4 fxg4 66. Rf7+ Ke3 67. Re7+ Kf2 68. Rf7+ Ke1 69. Rf4 h3 70. Rxg4 hxg2 71. Rxg2 Rxg2+ 72. Kxg2 1/2-1/2

[Event "Wch U20 Girls 30th"]
[Site "Athens"]
[Date "2012.08.05"]
[Round "4"]
[White "Chiarion, Elisa"]
[Black "Pon, Namasivayam Krithik"]
[Result "1-0"]
[WhiteElo "1978"]
[BlackElo "2119"]
[PlyCount "97"]
[EventDate "2012.08.02"]
[EventType "swiss"]
[EventRounds "13"]
[EventCountry "GRE"]
[SourceTitle "CBM 149 Extra"]
[Source "ChessBase"]
[SourceDate "2012.08.24"]
[SourceVersion "1"]
[SourceVersionDate "2012.08.24"]
[SourceQuality "1"]

1. e4 Nf6 2. Nc3 d5 3. e5 d4 4. exf6 dxc3 5. fxg7 cxd2+ 6. Bxd2 Bxg7 7. Qf3 Qd4 8. Bc3 Qg4 9. Bxg7 Qxg7 10. 0-0-0 Nc6 11. Qg3 0-0 12. Rd5 f6 13. Nf3 e5 14. Bd3 Ne7 15. Rc5 c6 16. Nh4 Kh8 17. Qxg7+ Kxg7 18. Re1 Ng6 19. g3 Bd7 20. f4 exf4 21. Rh5 fxg3 22. hxg3 Bg4 23. Rxh7+ Kxh7 24. Nxg6 Rfe8 25. Rxe8 Rxe8 26. Ne5+ Kh6 27. Nxg4+ Kg5 28. Nf2 f5 29. Kd2 b6 30. Be2 Kf6 31. Bf3 c5 32. g4 f4 33. Be4 Ke5 34. Ke2 c4 35. Kf3 Rh8 36. g5 Rf8 37. Ng4+ Ke6 38. Nf6 Rd8 39. Kxf4 Rd1 40. Bf5+ Ke7 41. Ne4 Ra1 42. Nc3 Rg1 43. g6 Kf6 44. Nd5+ Kg7 45. Ke5 Ra1 46. Nf4 Rxa2 47. Ne6+ Kg8 48. Kf6 Ra1 49. Nf4 1-0

[Event "Asia U20 Girls op"]
[Site "Tashkent"]
[Date "2012.06.03"]
[Round "5"]
[White "Pon, Namasivayam Krithik"]
[Black "Nandhidhaa, PV."]
[Result "1/2-1/2"]
[WhiteElo "2150"]
[BlackElo "2176"]
[PlyCount "128"]
[EventDate "2012.05.30"]
[EventType "swiss"]
[EventRounds "9"]
[EventCountry "UZB"]
[SourceTitle "CBM 148 Extra"]
[Source "ChessBase"]
[SourceDate "2012.06.22"]
[SourceVersion "1"]
[SourceVersionDate "2012.06.22"]
[SourceQuality "1"]

1. e4 c5 2. Nf3 e6 3. d4 cxd4 4. Nxd4 a6 5. Bd3 Bc5 6. Nb3 Be7 7. 0-0 d6 8. Qg4 g6 9. Qe2 Nd7 10. c4 b6 11. Nc3 Bb7 12. f4 Ngf6 13. Be3 0-0 14. h3 Rc8 15. Rad1 Qc7 16. Qf2 Rfe8 17. Nd2 Bc6 18. b4 Qb8 19. Nb3 Qb7 20. Qc2 Qa8 21. a3 b5 22. cxb5 Bxb5 23. Nd4 Bc4 24. Qe2 Nb6 25. a4 d5 26. e5 Ne4 27. Nxe4 dxe4 28. Bxc4 Nxc4 29. Rb1 Red8 30. Rfd1 Nxe3 31. Qxe3 Rc4 32. Rbc1 Qd5 33. Ne2 Rxc1 34. Rxc1 Bxb4 35. Nc3 Qb3 36. Kh2 Rd3 37. Qxe4 Rxc3 38. Rb1 Qxa4 39. Rxb4 Qc6 40. Rb8+ Kg7 41. Qxc6 Rxc6 42. Ra8 Rc4 43. Kg3 Ra4 44. h4 Ra3+ 45. Kf2 h6 46. g4 Rh3 47. Rxa6 Rxh4 48. Kg3 Rh1 49. Ra7 Re1 50. Kf2 Rb1 51. f5 gxf5 52. gxf5 Rb6 53. fxe6 Rxe6 54. Ra5 Kg6 55. Kf3 Rb6 56. Ra4 h5 57. Kf4 Rc6 58. Rb4 h4 59. Kg4 Re6 60. Rb5 Re7 61. Rb6+ Re6 62. Rb5 Re7 63. Rb6+ Kg7 64. Rb5 Kg6 1/2-1/2

[Event "Marianske Lazne IM-B 11th"]
[Site "Marianske Lazne"]
[Date "2012.01.27"]
[Round "8"]
[White "Pon, Namasivayam Krithik"]
[Black "Vlasak, Lukas"]
[Result "1-0"]
[WhiteElo "2108"]
[BlackElo "2292"]
[PlyCount "57"]
[EventDate "2012.01.21"]
[EventType "tourn"]
[EventRounds "9"]
[EventCountry "CZE"]
[EventCategory "1"]
[SourceTitle "CBM 146 Extra"]
[Source "ChessBase"]
[SourceDate "2012.02.29"]
[SourceVersion "1"]
[SourceVersionDate "2012.02.29"]
[SourceQuality "1"]

1. e4 c5 2. Nc3 Nc6 3. f4 e6 4. Nf3 a6 5. a4 Qc7 6. g3 d6 7. Bg2 Nf6 8. 0-0 Be7 9. d3 Bd7 10. Kh1 h6 11. Be3 0-0-0 12. d4 cxd4 13. Nxd4 Nxd4 14. Bxd4 e5 15. Be3 Kb8 16. Qd2 Rc8 17. h3 Bc6 18. Kh2 Rhe8 19. Nb5 Bxb5 20. axb5 Qxc2 21. Qa5 Qb3 22. Qb6 Nd7 23. Qa7+ Kc7 24. fxe5 Qxb5 25. Rac1+ Nc5 26. Rxf7 Kd8 27. exd6 Bxd6 28. Bxc5 Bxc5 29. Rd1+ 1-0

[Event "Hastings Masters op 87th"]
[Site "Hastings"]
[Date "2012.01.05"]
[Round "9"]
[White "Pon, Namasivayam Krithik"]
[Black "Anwesh, Upadhyaya"]
[Result "0-1"]
[WhiteElo "2091"]
[BlackElo "2413"]
[PlyCount "64"]
[EventDate "2011.12.28"]
[EventType "swiss"]
[EventRounds "9"]
[EventCountry "ENG"]
[SourceTitle "CBM 146 Extra"]
[Source "ChessBase"]
[SourceDate "2012.02.29"]
[SourceVersion "1"]
[SourceVersionDate "2012.02.29"]
[SourceQuality "1"]

1. e4 e5 2. Nf3 Nc6 3. Bb5 a6 4. Ba4 Nf6 5. 0-0 b5 6. Bb3 Be7 7. Re1 0-0 8. c3 d5 9. exd5 Nxd5 10. Nxe5 Nxe5 11. Rxe5 c6 12. d4 Bd6 13. Re1 Qh4 14. g3 Qh3 15. Re4 g5 16. Qf3 Bf5 17. Nd2 Rae8 18. Bxd5 cxd5 19. Re3 Rxe3 20. Qxe3 f6 21. Nf1 h5 22. f3 h4 23. g4 Bd7 24. Qf2 Re8 25. Ne3 Bf4 26. Nf1 Bxg4 27. Bxf4 Bxf3 28. Bg3 g4 29. Be5 fxe5 30. Re1 e4 31. Qd2 Kh7 32. Ne3 g3 0-1

[Event "Hastings Masters op 87th"]
[Site "Hastings"]
[Date "2012.01.04"]
[Round "8"]
[White "Padmini, Rout"]
[Black "Pon, Namasivayam Krithik"]
[Result "1/2-1/2"]
[WhiteElo "2392"]
[BlackElo "2091"]
[PlyCount "30"]
[EventDate "2011.12.28"]
[EventType "swiss"]
[EventRounds "9"]
[EventCountry "ENG"]
[SourceTitle "CBM 146 Extra"]
[Source "ChessBase"]
[SourceDate "2012.02.29"]
[SourceVersion "1"]
[SourceVersionDate "2012.02.29"]
[SourceQuality "1"]

1. e4 e5 2. Nf3 Nc6 3. Bb5 a6 4. Ba4 Nf6 5. 0-0 b5 6. Bb3 Bc5 7. c3 d6 8. d4 Bb6 9. a4 Rb8 10. Na3 0-0 11. axb5 axb5 12. Nxb5 Bg4 13. Bc2 Bxf3 14. gxf3 Nh5 15. f4 Nxf4 1/2-1/2

[Event "Hastings Masters op 87th"]
[Site "Hastings"]
[Date "2012.01.03"]
[Round "7"]
[White "Pon, Namasivayam Krithik"]
[Black "Roy Chowdhury, Saptarshi"]
[Result "1/2-1/2"]
[WhiteElo "2091"]
[BlackElo "2411"]
[PlyCount "77"]
[EventDate "2011.12.28"]
[EventType "swiss"]
[EventRounds "9"]
[EventCountry "ENG"]
[SourceTitle "CBM 146 Extra"]
[Source "ChessBase"]
[SourceDate "2012.02.29"]
[SourceVersion "1"]
[SourceVersionDate "2012.02.29"]
[SourceQuality "1"]

1. e4 c5 2. f4 Nc6 3. Nc3 e6 4. Nf3 d5 5. d3 Be7 6. g3 Nf6 7. e5 Nd7 8. Bh3 b5 9. Qe2 b4 10. Nd1 0-0 11. 0-0 a5 12. c3 Ba6 13. Nf2 Re8 14. Re1 Bf8 15. Qc2 h6 16. Bd2 Nb6 17. Rad1 Rb8 18. d4 bxc3 19. Bxc3 Nc4 20. Nd3 cxd4 21. Nxd4 Nb4 22. Bxb4 axb4 23. Qf2 Na5 24. f5 Bxd3 25. Rxd3 exf5 26. Qxf5 Nc4 27. e6 fxe6 28. Rxe6 Kh8 29. b3 Na3 30. Rde3 Rxe6 31. Nxe6 Qb6 32. Qf2 Bd6 33. Rd3 Qc6 34. Qd4 Qb6 35. Qxb6 Rxb6 36. Rxd5 Nb5 37. Kg2 Nc3 38. Rd2 Kg8 39. Nd4 1/2-1/2

[Event "Hastings Masters op 87th"]
[Site "Hastings"]
[Date "2011.12.28"]
[Round "1"]
[White "Kalairajah, Shyam"]
[Black "Pon, Namasivayam Krithik"]
[Result "0-1"]
[WhiteElo "1830"]
[BlackElo "2091"]
[PlyCount "62"]
[EventDate "2011.12.28"]
[EventType "swiss"]
[EventRounds "9"]
[EventCountry "ENG"]
[SourceTitle "CBM 146 Extra"]
[Source "ChessBase"]
[SourceDate "2012.02.29"]
[SourceVersion "1"]
[SourceVersionDate "2012.02.29"]
[SourceQuality "1"]

1. e4 e5 2. Nf3 Nc6 3. Nc3 Nf6 4. d4 exd4 5. Nxd4 Bb4 6. Nxc6 bxc6 7. Bd3 d5 8. exd5 cxd5 9. 0-0 0-0 10. Bg5 Be6 11. Qf3 Be7 12. Rfe1 Qd7 13. h3 Rfe8 14. Ne2 h6 15. Bf4 c5 16. c3 Qb7 17. Rab1 Ne4 18. Ng3 f5 19. Bc1 Rf8 20. Bc2 Rad8 21. Nxe4 dxe4 22. Qg3 Bd6 23. Bf4 Bxf4 24. Qxf4 Bxa2 25. Rbc1 Qxb2 26. Qe3 Qb6 27. Ra1 Bc4 28. Red1 Qc7 29. Rd2 Rxd2 30. Qxd2 Rd8 31. Qe3 Bd3 0-1

[Event "IND-ch (Women) 38th"]
[Site "Chennai"]
[Date "2011.11.09"]
[Round "11"]
[White "Swati, Mohota"]
[Black "Pon, Namasivayam Krithik"]
[Result "1/2-1/2"]
[WhiteElo "2030"]
[BlackElo "2044"]
[PlyCount "67"]
[EventDate "2011.10.29"]
[EventType "swiss"]
[EventRounds "11"]
[EventCountry "IND"]
[SourceTitle "EXT 2012"]
[Source "ChessBase"]
[SourceDate "2011.11.24"]
[SourceVersion "1"]
[SourceVersionDate "2011.11.24"]
[SourceQuality "1"]

1. d4 d5 2. c4 e6 3. Nc3 f5 4. Nf3 Nf6 5. Bf4 c6 6. e3 Nbd7 7. Qc2 Ne4 8. Bd3 Ndf6 9. h3 Be7 10. g4 0-0 11. 0-0-0 Qa5 12. Kb1 Nxc3+ 13. bxc3 dxc4 14. Bxc4 Ne4 15. Rdg1 Nxc3+ 16. Ka1 Nd5 17. Be5 g6 18. g5 Bd7 19. h4 Be8 20. h5 Bb4 21. hxg6 Bxg6 22. Nh4 Bc3+ 23. Kb1 Qb4+ 24. Qb3 b5 25. Bxd5 exd5 26. Qxb4 Bxb4 27. Nxg6 hxg6 28. Rh8+ Kf7 29. Rh7+ Ke6 30. Rc7 Rfc8 31. Rg7 Rg8 32. Rc7 Rgc8 33. Rg7 Rg8 34. Rc7 1/2-1/2

[Event "IND-ch (Women) 38th"]
[Site "Chennai"]
[Date "2011.11.03"]
[Round "6"]
[White "Bala, Kannamma P"]
[Black "Pon, Namasivayam Krithik"]
[Result "1/2-1/2"]
[WhiteElo "1978"]
[BlackElo "2044"]
[PlyCount "85"]
[EventDate "2011.10.29"]
[EventType "swiss"]
[EventRounds "11"]
[EventCountry "IND"]
[SourceTitle "EXT 2012"]
[Source "ChessBase"]
[SourceDate "2011.11.24"]
[SourceVersion "1"]
[SourceVersionDate "2011.11.24"]
[SourceQuality "1"]

1. e4 Nf6 2. e5 Nd5 3. d4 d6 4. Bc4 Nb6 5. Bb3 dxe5 6. Qh5 e6 7. dxe5 Nc6 8. Nf3 Nd4 9. Nxd4 Qxd4 10. Qe2 g6 11. Nc3 Bg7 12. f4 0-0 13. Be3 Qd8 14. 0-0 Nd7 15. Rad1 c6 16. Ne4 b6 17. Rf2 Qc7 18. Qg4 f5 19. exf6 Nxf6 20. Bxe6+ Bxe6 21. Qxe6+ Kh8 22. Nxf6 Rxf6 23. Qe4 Qf7 24. Rfd2 Re8 25. Qf3 c5 26. Rd7 Qxa2 27. Qb7 Qg8 28. Bd2 Ref8 29. Bc3 R6f7 30. Rxf7 Rxf7 31. Bxg7+ Qxg7 32. Rd8+ Rf8 33. Rxf8+ Qxf8 34. Qxa7 Qxf4 35. Qxb6 Qc1+ 36. Kf2 Qxc2+ 37. Kg3 Qd3+ 38. Kf2 Qd4+ 39. Kf3 Qd3+ 40. Kf2 Qf5+ 41. Kg3 Qe5+ 42. Kf3 Qf5+ 43. Kg3 1/2-1/2

[Event "Wch U20 Girls 29th"]
[Site "Chennai"]
[Date "2011.08.15"]
[Round "13"]
[White "Pon, Namasivayam Krithik"]
[Black "Pratyusha, Bodda"]
[Result "0-1"]
[WhiteElo "2075"]
[BlackElo "2064"]
[PlyCount "42"]
[EventDate "2011.08.02"]
[EventType "swiss"]
[EventRounds "13"]
[EventCountry "IND"]
[SourceTitle "CBM 143 Extra"]
[Source "ChessBase"]
[SourceDate "2011.08.29"]
[SourceVersion "1"]
[SourceVersionDate "2011.08.29"]
[SourceQuality "1"]

1. e4 e5 2. Nf3 Nc6 3. Bb5 a6 4. Ba4 d6 5. c3 Bd7 6. d4 Nge7 7. Bb3 h6 8. Nh4 Nc8 9. Bxf7+ Kxf7 10. Qh5+ Kg8 11. f4 exd4 12. 0-0 Qe8 13. Qe2 d5 14. e5 Be7 15. Nf3 Qg6 16. cxd4 Bf5 17. Nc3 Bd3 18. Qf2 Bxf1 19. Qxf1 Nb6 20. b3 Nb4 21. Bd2 c5 0-1

[Event "Wch U20 Girls 29th"]
[Site "Chennai"]
[Date "2011.08.13"]
[Round "11"]
[White "Arunima, Kalra"]
[Black "Pon, Namasivayam Krithik"]
[Result "0-1"]
[WhiteElo "1867"]
[BlackElo "2075"]
[PlyCount "53"]
[EventDate "2011.08.02"]
[EventType "swiss"]
[EventRounds "13"]
[EventCountry "IND"]
[SourceTitle "CBM 143 Extra"]
[Source "ChessBase"]
[SourceDate "2011.08.29"]
[SourceVersion "1"]
[SourceVersionDate "2011.08.29"]
[SourceQuality "1"]

1. e4 e5 2. Nf3 Nc6 3. Bb5 a6 4. Ba4 Nf6 5. d3 b5 6. Bb3 Bc5 7. Nc3 d6 8. Nd5 h6 9. c3 0-0 10. h3 Rb8 11. 0-0 Na5 12. Bc2 Ba7 13. Be3 c5 14. b4 Nc6 15. a4 Nxd5 16. exd5 Ne7 17. Bb3 bxa4 18. Rxa4 Nf5 19. bxc5 Nxe3 20. fxe3 Bxc5 21. Re1 Ba7 22. Kh1 f5 23. Nd2 Qg5 24. Nc4 Qg3 25. Rb4 Rxb4 26. cxb4 f4 27. Qf3 0-1

[Event "Wch U20 Girls 29th"]
[Site "Chennai"]
[Date "2011.08.12"]
[Round "10"]
[White "Pon, Namasivayam Krithik"]
[Black "Saric, Zrinka"]
[Result "1/2-1/2"]
[WhiteElo "2075"]
[BlackElo "2116"]
[PlyCount "83"]
[EventDate "2011.08.02"]
[EventType "swiss"]
[EventRounds "13"]
[EventCountry "IND"]
[SourceTitle "CBM 143 Extra"]
[Source "ChessBase"]
[SourceDate "2011.08.29"]
[SourceVersion "1"]
[SourceVersionDate "2011.08.29"]
[SourceQuality "1"]

1. e4 c5 2. Nf3 d6 3. d4 cxd4 4. Nxd4 Nf6 5. Nc3 Bd7 6. Bg5 e6 7. f4 Nc6 8. Qd2 h6 9. Bxf6 Qxf6 10. Ndb5 0-0-0 11. Qf2 Kb8 12. 0-0-0 Bc8 13. g3 Qe7 14. Bg2 a6 15. Nd4 Nxd4 16. Qxd4 Qc7 17. Rd3 Bd7 18. Nb1 Bc6 19. c4 Rg8 20. Nc3 g5 21. Bf3 Bg7 22. Qe3 Qa5 23. Kb1 Qc5 24. Rc1 Qxe3 25. Rxe3 gxf4 26. gxf4 Bf6 27. Rd1 Kc7 28. Ne2 b6 29. Kc2 Rg7 30. b3 a5 31. a4 Rgg8 32. Red3 h5 33. Re3 h4 34. Nc3 Rg7 35. Ne2 Rdg8 36. Rf1 Rd8 37. Rd1 Rdg8 38. Rf1 Rd8 39. Kd3 Bb2 40. Nd4 Ba3 41. Bh1 Bc5 42. Nxc6 1/2-1/2

[Event "Wch U20 Girls 29th"]
[Site "Chennai"]
[Date "2011.08.11"]
[Round "9"]
[White "Pon, Namasivayam Krithik"]
[Black "Saranya, J."]
[Result "0-1"]
[WhiteElo "2075"]
[BlackElo "2121"]
[PlyCount "104"]
[EventDate "2011.08.02"]
[EventType "swiss"]
[EventRounds "13"]
[EventCountry "IND"]
[SourceTitle "CBM 143 Extra"]
[Source "ChessBase"]
[SourceDate "2011.08.29"]
[SourceVersion "1"]
[SourceVersionDate "2011.08.29"]
[SourceQuality "1"]

1. e4 c5 2. Nf3 d6 3. d4 cxd4 4. Nxd4 Nf6 5. Nc3 a6 6. Bg5 Nc6 7. f4 Qb6 8. Nb3 e6 9. Qd2 Be7 10. 0-0-0 0-0 11. Bxf6 Bxf6 12. Na4 Qa7 13. Qxd6 Be7 14. Qd2 b5 15. Nc3 Bb7 16. Bd3 Rac8 17. e5 Nb4 18. Kb1 Rfd8 19. Rde1 Nxd3 20. cxd3 b4 21. Ne4 a5 22. Qe3 Qxe3 23. Rxe3 Rxd3 24. Rxd3 Bxe4 25. Rhd1 a4 26. Nc1 f6 27. exf6 Bxf6 28. Ne2 g5 29. Ng3 Bxd3+ 30. Rxd3 gxf4 31. Ne4 Be5 32. Ng5 Rc6 33. Rd7 a3 34. b3 Bb2 35. Rd1 Kg7 36. Nf3 Kf6 37. Nd2 e5 38. Nc4 Bc3 39. Rd7 Kf5 40. Rxh7 Rg6 41. g3 fxg3 42. hxg3 Rxg3 43. Nd6+ Ke6 44. Ne4 Rg2 45. Nxc3 bxc3 46. Rc7 Rb2+ 47. Kc1 Kd5 48. Rxc3 Kd4 49. Rc4+ Kd3 50. Ra4 Rxa2 51. Kb1 Rb2+ 52. Ka1 Rxb3 0-1

[Event "Wch U20 Girls 29th"]
[Site "Chennai"]
[Date "2011.08.03"]
[Round "2"]
[White "Pon, Namasivayam Krithik"]
[Black "Padmini, Rout"]
[Result "0-1"]
[WhiteElo "2075"]
[BlackElo "2348"]
[PlyCount "92"]
[EventDate "2011.08.02"]
[EventType "swiss"]
[EventRounds "13"]
[EventCountry "IND"]
[SourceTitle "CBM 143 Extra"]
[Source "ChessBase"]
[SourceDate "2011.08.29"]
[SourceVersion "1"]
[SourceVersionDate "2011.08.29"]
[SourceQuality "1"]

1. e4 c5 2. Nf3 d6 3. d4 cxd4 4. Nxd4 Nf6 5. Nc3 a6 6. Bg5 Nbd7 7. f4 Qa5 8. Qd2 b5 9. Nb3 Qc7 10. a3 Bb7 11. Bd3 e6 12. 0-0-0 Be7 13. Rhe1 0-0-0 14. Kb1 h6 15. Bxf6 Nxf6 16. Rc1 Kb8 17. Qe2 Rc8 18. a4 bxa4 19. Nxa4 Qc6 20. Nc3 Qb6 21. Qe3 Qxe3 22. Rxe3 Ka7 23. g3 Rhd8 24. h3 d5 25. exd5 Rxc3 26. bxc3 Nxd5 27. Re5 Nxc3+ 28. Kb2 Nd5 29. Ra1 Bb4 30. Rxd5 Rxd5 31. Bc4 Rd7 32. c3 Be7 33. Na5 Bg2 34. h4 Bf6 35. Nb3 Rd6 36. Nc5 Kb6 37. Na4+ Kc7 38. Nc5 Rc6 39. Nxa6+ Kb6 40. Kb3 Bd5 41. Bxd5 Rxc3+ 42. Ka4 exd5 43. Nb4 Rc4 44. Rb1 Be7 45. Rb3 Bxb4 46. Rxb4+ Kc5 0-1

[Event "IND-chB (Women) 38th"]
[Site "Chennai"]
[Date "2011.07.03"]
[Round "3"]
[White "Sunyasakta, Satpathy"]
[Black "Pon, Namasivayam Krithik"]
[Result "1-0"]
[WhiteElo "1928"]
[BlackElo "2075"]
[PlyCount "109"]
[EventDate "2011.07.02"]
[EventType "swiss"]
[EventRounds "11"]
[EventCountry "IND"]
[SourceTitle "CBM 143 Extra"]
[Source "ChessBase"]
[SourceDate "2011.08.29"]
[SourceVersion "1"]
[SourceVersionDate "2011.08.29"]
[SourceQuality "1"]

1. e4 Nf6 2. e5 Nd5 3. d4 d6 4. Nf3 Nb6 5. Be2 g6 6. 0-0 Bg7 7. Nc3 0-0 8. h3 Nc6 9. Bf4 dxe5 10. dxe5 Qxd1 11. Raxd1 Be6 12. Nb5 Rac8 13. Nbd4 Nxd4 14. Nxd4 Bc4 15. b3 Bxe2 16. Nxe2 Rfd8 17. Bg3 Nd5 18. c4 Nb4 19. Nc3 c6 20. f4 Bh6 21. Bh4 Kf8 22. g3 Nc2 23. Kf2 Nd4 24. Ne4 b5 25. Nd6 Nf5 26. Nxc8 Rxc8 27. Bg5 Bxg5 28. fxg5 Ke8 29. g4 Ng7 30. cxb5 cxb5 31. Rc1 Ra8 32. Ke3 Ne6 33. h4 a5 34. Rf2 b4 35. Rfc2 Kd7 36. Rd2+ Ke8 37. Rc4 Kf8 38. Rd7 Ke8 39. Rd5 Kf8 40. Rc6 Ke8 41. Rb6 Nc7 42. Rc5 Ra7 43. Rb8+ Kd7 44. Rh8 a4 45. Rxh7 axb3 46. axb3 Ra3 47. Rxf7 Rxb3+ 48. Kd2 Rh3 49. h5 gxh5 50. g6 Rg3 51. Rc4 b3 52. g7 b2 53. Rf1 Rg2+ 54. Kd3 Rf2 55. Rb1 1-0

[Event "IND-ch U19 Girls 25th"]
[Site "Puri"]
[Date "2010.10.06"]
[Round "8"]
[White "Pon, Namasivayam Krithik"]
[Black "Akshaya, A."]
[Result "1/2-1/2"]
[WhiteElo "2092"]
[BlackElo "2010"]
[PlyCount "93"]
[EventDate "2010.10.01"]
[EventType "tourn"]
[EventRounds "11"]
[EventCountry "IND"]
[SourceTitle "CBM 138 Extra"]
[Source "ChessBase"]
[SourceDate "2010.10.29"]
[SourceVersion "1"]
[SourceVersionDate "2010.10.29"]
[SourceQuality "1"]

1. d4 Nf6 2. Bg5 d5 3. Nc3 c6 4. Qd2 Bf5 5. f3 h6 6. Bxf6 exf6 7. e4 Be6 8. Nge2 Bd6 9. g3 Nd7 10. Bg2 Nb6 11. b3 0-0 12. 0-0 Qd7 13. Rad1 Rfd8 14. Nf4 Bxf4 15. Qxf4 Bh3 16. Bxh3 Qxh3 17. a4 Qd7 18. Rfe1 a5 19. g4 Rac8 20. Kg2 c5 21. exd5 c4 22. Qd2 Nxd5 23. Nxd5 Qxd5 24. Re3 Rc6 25. Qe2 Rcc8 26. Kg1 b6 27. Kg2 Kf8 28. Rd2 cxb3 29. cxb3 Rc1 30. Qd3 g6 31. Qe4 Qxe4 32. fxe4 Ke7 33. Kf2 Rdc8 34. e5 R1c2 35. exf6+ Kxf6 36. Ke2 R8c3 37. Rxc2 Rxc2+ 38. Kd3 Rxh2 39. d5 Rh1 40. Kc2 Rh2+ 41. Kc3 Rh1 42. Kc2 Rh2+ 43. Kc1 Rh1+ 44. Kd2 Rh2+ 45. Kd3 Rh1 46. Kd2 Rh2+ 47. Kd3 1/2-1/2